[Event "Titled Tuesday intern op 06th Feb Late"]
[Site "Chess.com INT"]
[Date "2024.02.06"]
[Round "9"]
[White "Bluebaum, Matthias"]
[Black "Alonso Rosell, Alvar"]
[Result "1/2-1/2"]
[WhiteElo "2658"]
[BlackElo "2564"]
[PlyCount "227"]
[EventDate "2024.02.06"]
[EventType "swiss (blitz)"]
[EventRounds "11"]
[EventCountry "USA"]
[SourceTitle "CB07_2024"]
[SourceDate "2024.02.14"]
[SourceVersion "1"]
[SourceVersionDate "2024.02.14"]
[SourceQuality "1"]

1. d4 Nf6 2. c4 c5 3. d5 e6 4. Nc3 exd5 5. cxd5 d6 6. e4 g6 7. h3 Bg7 8. Nf3 0-0 9. Bd3 b5 10. Nxb5 Re8 11. 0-0 Nxe4 12. Bxe4 Rxe4 13. Nc3 Re8 14. Bg5 Qd7 15. Qd2 Bb7 16. Rae1 Na6 17. Ne4 Nc7 18. Nf6+ Bxf6 19. Bxf6 Nxd5 20. Bh4 Qf5 21. Bg3 Red8 22. Nh2 h5 23. Qh6 Ba6 24. Nf3 Qf6 25. Bh4 Qg7 26. Qd2 Bxf1 27. Qxd5 Bb5 28. Ng5 Re8 29. Ne4 Qd4 30. Qxd4 cxd4 31. Nf6+ Kg7 32. Nxe8+ Bxe8 33. Rd1 Rb8 34. b3 Rb4 35. Be7 d3 36. Bxd6 Re4 37. Rxd3 Re1+ 38. Kh2 Re2 39. Re3 Rxe3 40. fxe3 Bc6 41. Be5+ f6 42. Bd4 a5 43. g3 Kf7 44. Kg1 a4 45. bxa4 Bxa4 46. Kf2 Bd7 47. h4 Ke6 48. e4 f5 49. Ke3 fxe4 50. Kxe4 Kd6 51. Kd3 Kc6 52. Kc3 Kb7 53. Kb4 Ka8 54. Kc5 Bg4 55. a4 Bd1 56. a5 Bg4 57. Kb6 Bf3 58. Be3 Bg4 59. Bg5 Bf3 60. Kc5 Bg4 61. Kd4 Bf5 62. Ke5 Bg4 63. Be3 Bf5 64. Kf6 Bg4 65. Kxg6 Bd1 66. Kg5 Bg4 67. Kf4 Bd1 68. Ke5 Bg4 69. Kd4 Bd1 70. Kd3 Bg4 71. Kd2 Kb7 72. Bc5 Ka8 73. Bb4 Kb7 74. Ke3 Ka8 75. Kf4 Kb7 76. Ke5 Ka8 77. a6 Ka7 78. Bc5+ Kxa6 79. Be3 Kb5 80. Bf4 Kc4 81. Kf6 Kd3 82. Kg5 Ke2 83. Kh6 Kf3 84. Kg7 Kg2 85. Kf8 Kh3 86. Ke7 Kg2 87. Kd8 Kf3 88. Kc7 Kg2 89. Kb8 Kf3 90. Ka7 Kg2 91. Kb7 Kf3 92. Kb6 Kg2 93. Ka6 Kh3 94. Ka5 Kg2 95. Kb5 Bf3 96. Kb4 Bg4 97. Ka4 Bf3 98. Ka3 Bg4 99. Kb3 Bf3 100. Kb2 Bg4 101. Ka2 Bf3 102. Ka1 Bg4 103. Kb1 Bf3 104. Kc1 Bg4 105. Kd2 Bf3 106. Kd3 Bg4 107. Kd4 Bf3 108. Ke5 Bg4 109. Kf6 Bf3 110. Kg5 Bg4 111. Kg6 Bf3 112. Kg5 Bg4 113. Kh6 Bf3 114. Kg5 1/2-1/2

[Event "Chessable Masters Play In"]
[Site "Chess.com INT"]
[Date "2024.01.31"]
[Round "4"]
[White "Alonso Rosell, Alvar"]
[Black "Martinez Alcantara, Jose Eduardo"]
[Result "0-1"]
[WhiteElo "2562"]
[BlackElo "2610"]
[PlyCount "84"]
[EventDate "2024.01.31"]
[EventType "swiss (rapid)"]
[EventRounds "9"]
[EventCountry "USA"]
[SourceTitle "CB06_2024"]
[SourceDate "2024.02.07"]
[SourceVersion "1"]
[SourceVersionDate "2024.02.07"]
[SourceQuality "1"]

1. d4 Nf6 2. c4 e6 3. Nf3 Bb4+ 4. Nbd2 b6 5. a3 Bxd2+ 6. Qxd2 Bb7 7. e3 d6 8. Be2 Nbd7 9. b3 Qe7 10. Bb2 Ne4 11. Qc2 f5 12. d5 e5 13. Nd2 Nxd2 14. Qxd2 0-0 15. b4 f4 16. exf4 Rxf4 17. g3 Rff8 18. 0-0 Nf6 19. Rae1 Bc8 20. f4 Bh3 21. fxe5 dxe5 22. Rf3 Rae8 23. Bf1 Bxf1 24. Rxe5 Qd7 25. Rxf1 Ng4 26. Rxe8 Rxe8 27. Qg5 h6 28. Qg6 Ne5 29. Qe4 Nf7 30. Qg6 Ne5 31. Qe4 Ng4 32. Qg6 Re2 33. Bd4 Nxh2 34. Rf6 Ng4 35. Re6 Rxe6 36. dxe6 Qxd4+ 37. Kg2 Qd2+ 38. Kh3 Nf2+ 39. Kg2 Ne4+ 40. Kh1 Qc1+ 41. Kg2 Qc2+ 42. Kg1 Qf2+ 0-1

[Event "Titled Tuesday intern op 16th Jan Late"]
[Site "Chess.com INT"]
[Date "2024.01.16"]
[Round "3"]
[White "Alonso Rosell, Alvar"]
[Black "Kamsky, Gata"]
[Result "1/2-1/2"]
[WhiteElo "2562"]
[BlackElo "2623"]
[PlyCount "80"]
[EventDate "2024.01.16"]
[EventType "swiss (blitz)"]
[EventRounds "11"]
[EventCountry "USA"]
[SourceTitle "CB04_2024"]
[SourceDate "2023.10.16"]
[SourceVersion "1"]
[SourceVersionDate "2023.10.16"]
[SourceQuality "1"]

1. d4 f5 2. Nc3 Nf6 3. Bg5 d5 4. e3 Be6 5. Nf3 Nbd7 6. Bf4 c6 7. Bd3 g6 8. 0-0 Bg7 9. Ne2 Ne4 10. Rc1 0-0 11. c4 Qb6 12. b3 a5 13. cxd5 Bxd5 14. Nd2 Nxd2 15. Qxd2 e5 16. dxe5 Nxe5 17. Nc3 Bf7 18. Na4 Qb4 19. Rfd1 Qxd2 20. Rxd2 Rad8 21. Rcd1 Bf6 22. Be2 Rxd2 23. Rxd2 g5 24. Bg3 Re8 25. Bf1 h5 26. h3 h4 27. Bh2 Kg7 28. Nc5 Re7 29. Rd1 Bd5 30. Be2 Kg6 31. f4 gxf4 32. Bxf4 Bg5 33. Kf2 Bxf4 34. exf4 Nf7 35. Bf3 Bxf3 36. Kxf3 Kf6 37. Nd7+ Ke6 38. Nc5+ Kf6 39. Nd7+ Ke6 40. Nc5+ Kf6 1/2-1/2

[Event "Titled Tuesday intern op 16th Jan Early"]
[Site "Chess.com INT"]
[Date "2024.01.16"]
[Round "8"]
[White "Alonso Rosell, Alvar"]
[Black "Kononenko, Dmitry1"]
[Result "1-0"]
[WhiteElo "2562"]
[BlackElo "2251"]
[PlyCount "55"]
[EventDate "2024.01.16"]
[EventType "swiss (blitz)"]
[EventRounds "11"]
[EventCountry "USA"]
[SourceTitle "CB04_2024"]
[SourceDate "2023.10.16"]
[SourceVersion "1"]
[SourceVersionDate "2023.10.16"]
[SourceQuality "1"]

1. d4 d5 2. c4 c6 3. Nf3 Nf6 4. cxd5 cxd5 5. Nc3 Nc6 6. Bf4 Bf5 7. e3 e6 8. Qb3 Bb4 9. Ne5 Qa5 10. Nxc6 bxc6 11. Be2 0-0 12. 0-0 Rfc8 13. Na4 c5 14. a3 Bd2 15. Nxc5 Ne4 16. Qd1 Rxc5 17. dxc5 Qxc5 18. Bd3 g5 19. Be5 Nxf2 20. Qxd2 Nxd3 21. Rxf5 exf5 22. Qxd3 Re8 23. Bd4 Qc8 24. Rf1 Re4 25. Qb5 f4 26. Qxd5 Qe8 27. Qxg5+ Kf8 28. Bg7+ 1-0

[Event "Titled Tuesday intern op 16th Jan Late"]
[Site "Chess.com INT"]
[Date "2024.01.16"]
[Round "10"]
[White "Banerjee, Supratit"]
[Black "Alonso Rosell, Alvar"]
[Result "0-1"]
[WhiteElo "1984"]
[BlackElo "2562"]
[PlyCount "152"]
[EventDate "2024.01.16"]
[EventType "swiss (blitz)"]
[EventRounds "11"]
[EventCountry "USA"]
[SourceTitle "CB04_2024"]
[SourceDate "2023.10.16"]
[SourceVersion "1"]
[SourceVersionDate "2023.10.16"]
[SourceQuality "1"]

1. e4 c6 2. d4 d5 3. Nd2 dxe4 4. Nxe4 Nf6 5. Nxf6+ exf6 6. c3 Bd6 7. Bd3 0-0 8. Ne2 Re8 9. 0-0 Na6 10. Bf4 Nc7 11. Re1 Bg4 12. f3 Be6 13. Bxd6 Qxd6 14. Qd2 Nd5 15. Ng3 Nf4 16. Bf1 Rad8 17. Rad1 Bxa2 18. Ne4 Qc7 19. Ra1 Bd5 20. Rxa7 Ne6 21. Raa1 h6 22. Qf2 b6 23. Qg3 Qxg3 24. Nxg3 c5 25. Bb5 Rf8 26. dxc5 Nxc5 27. Nf5 Be6 28. Nd4 Bd7 29. Bc4 Rfe8 30. Rxe8+ Bxe8 31. b4 Na4 32. Ne2 Rd2 33. b5 Nb2 34. Ra8 Kf8 35. Nd4 Nxc4 36. Rc8 Ne3 37. g3 Rg2+ 38. Kh1 Rf2 39. h4 Ke7 40. Rb8 Nd5 41. Rb7+ Kd6 42. Rb8 Bd7 43. Rg8 g6 44. g4 Nxc3 45. Rf8 Rd2 46. Nb3 Rd1+ 47. Kh2 Ke7 48. Rb8 Be6 49. Rxb6 Bxb3 50. Rb7+ Kf8 51. Rb6 Bd5 52. Rxf6 Rd2+ 53. Kg3 Nxb5 54. Rb6 Nd4 55. h5 Nxf3 56. hxg6 Ng5 57. g7+ Kxg7 58. Rg6+ Kxg6 59. Kf4 Rd3 60. Ke5 Re3+ 61. Kxd5 Re4 62. Kd6 Rxg4 63. Ke5 Re4+ 64. Kd5 Re6 65. Kd4 h5 66. Kd5 h4 67. Kd4 h3 68. Kd5 h2 69. Kd4 h1Q 70. Kc5 Qe4 71. Kb5 Qd5+ 72. Kb4 Re4+ 73. Kc3 Qc4+ 74. Kb2 Re2+ 75. Kb1 Qb3+ 76. Kc1 Qc2# 0-1

[Event "ESP-chT CECLUB Honor"]
[Site "Linares"]
[Date "2023.09.22"]
[Round "7.1"]
[White "Alonso Rosell, Alvar"]
[Black "Stefanova, Antoaneta"]
[Result "1/2-1/2"]
[WhiteElo "2572"]
[BlackElo "2410"]
[PlyCount "67"]
[EventDate "2023.09.16"]
[EventType "team-tourn"]
[EventRounds "7"]
[EventCountry "ESP"]
[SourceTitle "EXT 2024"]
[Source "ChessBase"]
[SourceDate "2023.10.10"]
[SourceVersion "1"]
[SourceVersionDate "2023.10.10"]
[SourceQuality "1"]
[WhiteTeam "Silla Integrant"]
[BlackTeam "Extremadura Magic"]
[WhiteTeamCountry "ESP"]
[BlackTeamCountry "ESP"]

1. Nf3 d5 2. d4 Nf6 3. Bf4 e6 4. e3 Bd6 5. Nbd2 Bxf4 6. exf4 b6 7. h4 a5 8. h5 Qd6 9. Ne5 c5 10. c3 0-0 11. h6 g6 12. Rh3 cxd4 13. cxd4 Nc6 14. Qa4 Ne7 15. Rc1 Ne4 16. Nxe4 dxe4 17. Rhc3 f6 18. Rc7 fxe5 19. dxe5 Qd8 20. Qxe4 Nd5 21. Rg7+ Kh8 22. Bc4 Ba6 23. Bxd5 exd5 24. Qd4 Rc8 25. Rc3 Rxc3 26. bxc3 Qc8 27. Ra7 Rxf4 28. Qxf4 Qxc3+ 29. Kd1 Qd3+ 30. Qd2 Qb1+ 31. Qc1 Qd3+ 32. Qd2 Qb1+ 33. Qc1 Qd3+ 34. Qd2 1/2-1/2